[Event "Voronezh Region-ch"]
[Site "Voronezh"]
[Date "2017.12.14"]
[Round "2"]
[White "Kovalenko, Sergey"]
[Black "Shishkin, Alexander"]
[Result "1-0"]
[WhiteElo "2246"]
[BlackElo "1999"]
[PlyCount "99"]
[EventDate "2017.12.12"]
[EventType "swiss"]
[EventRounds "9"]
[EventCountry "RUS"]
[SourceTitle "CBM 182 Extra"]
[Source "ChessBase"]
[SourceDate "2018.02.23"]
[SourceVersion "1"]
[SourceVersionDate "2018.02.23"]
[SourceQuality "1"]

1. Nf3 d5 2. d4 Nf6 3. c4 c6 4. g3 g6 5. Bg2 Bg7 6. 0-0 0-0 7. b3 a5 8. Bb2 Na6 9. Ne5 Ng4 10. Nxg4 Bxg4 11. cxd5 cxd5 12. Nc3 Nc7 13. h3 Bc8 14. Na4 Na6 15. Rc1 e6 16. Nc3 Bd7 17. e4 Bc6 18. e5 f6 19. Qg4 f5 20. Qe2 Qd7 21. a4 Nc7 22. Rc2 Rfe8 23. Rfc1 Ra6 24. Ba3 Bf8 25. Bd6 Rd8 26. Bxc7 Qxc7 27. Nb5 Qd7 28. Bf1 Raa8 29. Qe3 Bb4 30. h4 Qf7 31. Qf4 Rd7 32. Be2 Qg7 33. Rxc6 bxc6 34. Rxc6 Re8 35. Qc1 h6 36. Nc7 Rxc7 37. Rxc7 Re7 38. Rc8+ Kh7 39. Kg2 Qf7 40. Bb5 Ra7 41. Be8 Qe7 42. Qc6 Ba3 43. h5 gxh5 44. Bxh5 Bb2 45. Re8 Qd7 46. Qc5 Rc7 47. Qf8 Qg7 48. Qf6 Qxf6 49. exf6 Bxd4 50. Re7+ 1-0

[Event "Voronezh op-B 18th"]
[Site "Voronezh"]
[Date "2014.06.17"]
[Round "6"]
[White "Shcherbakov, Nikolay"]
[Black "Shishkin, Alexander"]
[Result "0-1"]
[WhiteElo "1918"]
[BlackElo "1989"]
[PlyCount "63"]
[EventDate "2014.06.12"]
[EventType "swiss"]
[EventRounds "9"]
[EventCountry "RUS"]
[SourceTitle "EXT 2015"]
[Source "ChessBase"]
[SourceDate "2014.11.20"]
[SourceVersion "1"]
[SourceVersionDate "2014.11.20"]
[SourceQuality "1"]

1. c4 e5 2. Nc3 Nc6 3. g3 Nf6 4. Bg2 Bb4 5. e3 0-0 6. Nge2 a5 7. a3 Be7 8. 0-0 d6 9. d4 Bd7 10. Qc2 Qc8 11. f4 exd4 12. Nxd4 Nxd4 13. exd4 Bf5 14. Qd1 c6 15. Re1 Re8 16. Qf3 Qc7 17. h3 h5 18. Be3 Qb6 19. Qf2 Qb3 20. Rac1 d5 21. cxd5 cxd5 22. Bf1 Rac8 23. Qd2 Bf8 24. Bf2 Rxe1 25. Bxe1 g6 26. Bg2 b5 27. Kh2 b4 28. Nxd5 Nxd5 29. Rxc8 Bxc8 30. Qc1 Be6 31. axb4 Bxb4 32. Bf2 0-1

[Event "Voronezh op-B 18th"]
[Site "Voronezh"]
[Date "2014.06.16"]
[Round "5"]
[White "Chernyshov, Mikhail"]
[Black "Shishkin, Alexander"]
[Result "1/2-1/2"]
[WhiteElo "1848"]
[BlackElo "1989"]
[PlyCount "54"]
[EventDate "2014.06.12"]
[EventType "swiss"]
[EventRounds "9"]
[EventCountry "RUS"]
[SourceTitle "EXT 2015"]
[Source "ChessBase"]
[SourceDate "2014.11.20"]
[SourceVersion "1"]
[SourceVersionDate "2014.11.20"]
[SourceQuality "1"]

1. d4 d5 2. c4 c6 3. Nf3 Nf6 4. e3 e6 5. Nc3 Be7 6. Be2 0-0 7. 0-0 Nbd7 8. Qc2 b6 9. b3 Bb7 10. Bb2 Rc8 11. Rac1 Re8 12. Rfd1 h6 13. h3 Bf8 14. Qb1 g6 15. Bf1 Bg7 16. Ne2 Ne4 17. Nc3 Nxc3 18. Bxc3 Qe7 19. Bd3 Nf8 20. Bb2 Nh7 21. Qa1 Ng5 22. Nxg5 hxg5 23. a4 a5 24. Ba3 Qd7 25. Bb2 Qe7 26. Ba3 Qd7 27. Bb2 Qe7 1/2-1/2

[Event "Voronezh Region-ch Seniors"]
[Site "Voronezh"]
[Date "2013.11.23"]
[Round "8"]
[White "Grishchenko, Vladimir"]
[Black "Shishkin, Alexander"]
[Result "0-1"]
[WhiteElo "2015"]
[BlackElo "1974"]
[PlyCount "110"]
[EventDate "2013.11.15"]
[EventType "swiss"]
[EventRounds "9"]
[EventCountry "RUS"]
[SourceTitle "EXT 2015"]
[Source "ChessBase"]
[SourceDate "2014.11.20"]
[SourceVersion "1"]
[SourceVersionDate "2014.11.20"]
[SourceQuality "1"]

1. e4 c6 2. d3 e5 3. Nf3 d6 4. g3 Nf6 5. Bg2 Be7 6. 0-0 0-0 7. Nbd2 Nbd7 8. d4 b6 9. Re1 Bb7 10. c3 Qc7 11. Nh4 Rfe8 12. Nf1 g6 13. Bh6 Bf8 14. Bxf8 Nxf8 15. Qc2 Ne6 16. Rad1 Re7 17. dxe5 dxe5 18. Ne3 Rd8 19. Rxd8+ Nxd8 20. Qa4 Bc8 21. b4 Be6 22. a3 Ne8 23. Qc2 Rd7 24. Nf3 f6 25. h4 Nf7 26. Bf1 Ned6 27. c4 Nb7 28. Rc1 Kg7 29. c5 bxc5 30. bxc5 Nfd8 31. g4 Nf7 32. Qc3 Qa5 33. Qb4 Qc7 34. Qa4 Nbd8 35. g5 fxg5 36. hxg5 Qb7 37. Qb4 Qc7 38. Qc3 Re7 39. Rd1 Kf8 40. Bc4 Bc8 41. Bxf7 Nxf7 42. Nc4 Bg4 43. Rd3 Kg8 44. Qd2 Bxf3 45. Rxf3 Rd7 46. Qa2 Kg7 47. Rg3 Rd4 48. Ne3 Qe7 49. Qc2 Nxg5 50. Qb1 h6 51. Qb8 Rxe4 52. Qc8 Rf4 53. Qxc6 Rf6 54. Qa8 Qxc5 55. Ng4 Rf7 0-1

[Event "Voronezh op-B 17th"]
[Site "Voronezh"]
[Date "2013.06.17"]
[Round "7"]
[White "Shishkin, Alexander"]
[Black "Moiseenko, Andrey"]
[Result "1-0"]
[WhiteElo "1966"]
[BlackElo "1725"]
[PlyCount "47"]
[EventDate "2013.06.12"]
[EventType "swiss"]
[EventRounds "9"]
[EventCountry "RUS"]
[SourceTitle "EXT 2014"]
[Source "ChessBase"]
[SourceDate "2013.11.20"]
[SourceVersion "1"]
[SourceVersionDate "2013.11.20"]
[SourceQuality "1"]

1. d4 Nf6 2. c4 g6 3. Nf3 Bg7 4. Nc3 d6 5. g3 0-0 6. Bg2 Nc6 7. 0-0 a6 8. e3 Rb8 9. Qe2 b5 10. Rd1 bxc4 11. Qxc4 Na5 12. Qe2 c6 13. b3 Be6 14. Ba3 Qb6 15. Rac1 Rfc8 16. Nd2 Nd5 17. Ndb1 Nb4 18. Bf1 Ra8 19. Qd2 c5 20. dxc5 dxc5 21. Na4 Qa7 22. Nxc5 Rxc5 23. Rxc5 Qxc5 24. Bxb4 1-0

[Event "Voronezh Region-ch"]
[Site "Voronezh"]
[Date "2011.12.09"]
[Round "1"]
[White "Chuprikov, Dmitry"]
[Black "Shishkin, Alexander"]
[Result "1/2-1/2"]
[WhiteElo "2406"]
[BlackElo "2068"]
[PlyCount "47"]
[EventDate "2011.12.09"]
[EventType "swiss"]
[EventRounds "9"]
[EventCountry "RUS"]
[SourceTitle "CBM 146 Extra"]
[Source "ChessBase"]
[SourceDate "2012.02.29"]
[SourceVersion "1"]
[SourceVersionDate "2012.02.29"]
[SourceQuality "1"]

1. d4 d5 2. c4 dxc4 3. Nf3 Nf6 4. e3 e6 5. Bxc4 a6 6. 0-0 c5 7. Bb3 Nc6 8. Nc3 cxd4 9. exd4 Be7 10. Re1 0-0 11. Bf4 Nb4 12. Ne5 Nbd5 13. Qf3 Nxf4 14. Qxf4 Bd6 15. Rad1 Qc7 16. Rd3 b5 17. Rh3 Bb7 18. Bc2 Qe7 19. Qh4 h6 20. Rg3 Kh8 21. Rg6 Ng8 22. Rg4 Qxh4 23. Rxh4 Rac8 24. Bb3 1/2-1/2

[Event "Moscow Region Spring-B"]
[Site "Serpukhov"]
[Date "2011.05.02"]
[Round "5"]
[White "Dzhaumutbaev, Erzhan"]
[Black "Shishkin, Alexander"]
[Result "1-0"]
[WhiteElo "2118"]
[BlackElo "2017"]
[PlyCount "127"]
[EventDate "2011.04.30"]
[EventType "tourn"]
[EventRounds "9"]
[EventCountry "RUS"]
[SourceTitle "EXT 2022"]
[Source "ChessBase"]
[SourceDate "2021.10.06"]
[SourceVersion "1"]
[SourceVersionDate "2021.10.06"]
[SourceQuality "1"]

1. e4 c5 2. Nf3 d6 3. d4 cxd4 4. Qxd4 Nc6 5. Bb5 Bd7 6. Bxc6 Bxc6 7. Nc3 Nf6 8. Bg5 Nd7 9. 0-0-0 Qb6 10. Qd2 a5 11. Rhe1 Rc8 12. Be3 Qa6 13. Bd4 e5 14. Be3 Be7 15. Bg5 f6 16. Be3 Nc5 17. Bxc5 dxc5 18. Nd5 Bxd5 19. exd5 c4 20. d6 Rd8 21. d7+ Kf8 22. Nh4 c3 23. Qxc3 Bb4 24. Qc7 Kf7 25. c3 Be7 26. Nf5 Qe6 27. Nxe7 Kxe7 28. Qc5+ Kf7 29. Qb5 Ke7 30. Qxb7 Qxa2 31. Qc6 Rb8 32. Qd6+ Kf7 33. Qd5+ Qxd5 34. Rxd5 Ra8 35. c4 Rhd8 36. c5 Ra6 37. Red1 Rc6 38. Kc2 Ke7 39. Ra1 Rxd7 40. Rxd7+ Kxd7 41. Rxa5 Ke6 42. b4 Kd5 43. Kc3 f5 44. Ra7 Rg6 45. g3 Rg4 46. Rd7+ Kc6 47. Rd6+ Kc7 48. f3 Rg5 49. Rd5 Rh5 50. Rxe5 Rxh2 51. Rxf5 g6 52. Rf6 Rh3 53. g4 h5 54. gxh5 gxh5 55. Kc4 h4 56. Rf7+ Kd8 57. c6 Rh1 58. b5 h3 59. Kc5 h2 60. c7+ Kc8 61. Kb6 Rc1 62. Rf8+ Kd7 63. Rd8+ Ke7 64. Rh8 1-0

[Event "Voronezh op-B 14th"]
[Site "Voronezh"]
[Date "2010.06.13"]
[Round "2"]
[White "Provkin, Vladimir"]
[Black "Shishkin, Alexander"]
[Result "1-0"]
[WhiteElo "2204"]
[BlackElo "2061"]
[PlyCount "43"]
[EventDate "2010.06.12"]
[EventType "swiss"]
[EventRounds "9"]
[EventCountry "RUS"]
[SourceTitle "CBM 137 Extra"]
[Source "ChessBase"]
[SourceDate "2010.09.01"]
[SourceVersion "1"]
[SourceVersionDate "2010.09.01"]
[SourceQuality "1"]

1. d4 Nf6 2. Bg5 c5 3. d5 d6 4. Nc3 Nbd7 5. e4 a6 6. a4 Qa5 7. Bd2 g6 8. f4 Bg7 9. Nf3 0-0 10. Bc4 Qc7 11. h3 Re8 12. 0-0 e6 13. dxe6 fxe6 14. f5 gxf5 15. exf5 Ne5 16. Nxe5 dxe5 17. Bg5 Kh8 18. Bxf6 Bxf6 19. Ne4 Bg7 20. Qh5 Bd7 21. f6 Bxf6 22. Nxf6 1-0

[Event "Izhevsk-ch"]
[Site "Izhevsk"]
[Date "2010.02.12"]
[Round "1"]
[White "Kuznetsov, Vladimir2222"]
[Black "Shishkin, Alexander"]
[Result "1-0"]
[WhiteElo "2006"]
[BlackElo "2061"]
[PlyCount "89"]
[EventDate "2010.02.12"]
[EventType "swiss"]
[EventRounds "9"]
[EventCountry "RUS"]
[SourceTitle "EXT 2012"]
[Source "ChessBase"]
[SourceDate "2011.11.24"]
[SourceVersion "1"]
[SourceVersionDate "2011.11.24"]
[SourceQuality "1"]

1. e4 d6 2. d4 g6 3. Nc3 Bg7 4. Nf3 Nc6 5. Be2 Bg4 6. Be3 e5 7. dxe5 Bxf3 8. Bxf3 Bxe5 9. Qd2 Bg7 10. 0-0 Nf6 11. Be2 0-0 12. f4 Re8 13. Bf3 Qd7 14. h3 Re7 15. Rad1 Rae8 16. Rfe1 Kf8 17. Qf2 Qc8 18. e5 Re6 19. exf6 Bxf6 20. Bg4 Bxc3 21. bxc3 f5 22. Bf3 Qd7 23. Bd5 R6e7 24. Bd4 Nxd4 25. cxd4 c6 26. Bc4 d5 27. Bd3 Qd6 28. Re5 Rxe5 29. fxe5 Qe7 30. Qf4 Kg7 31. Rf1 Rf8 32. Qe3 Qf7 33. g4 f4 34. e6 Qc7 35. e7 Re8 36. Qxf4 Qxe7 37. g5 Kg8 38. Kg2 b6 39. Qf6 Qe6 40. Qxe6+ Rxe6 41. Kg3 Kg7 42. Rf2 Rd6 43. Kf4 Kf7 44. Ke5+ Ke7 45. Rf7+ 1-0